000 00528nam a2200217Ia 4500
003 OSt
005 20220918173855.0
006 a|||||r|||| 00| 0
007 ta
008 220917b |||||||| |||| 00| 0 eng d
024 _a8,815
037 _cTextual
040 _aARTS
_cARTS
_beng
041 _2eng
_aeng
082 _a902, K1-;1
100 _aGokhale B G
_947992
245 0 _aIndian thought through the ages
260 _c1962
942 _h902, K1-;1
_cTEXL
_2CC
999 _c150562
_d150562